000 00360nam a2200145Ia 4500
008 230917s9999||||xx |||||||||||||| ||und||
040 _e79340
_aMAIN
041 _aEnglish
082 _a341.23 H515U
100 _aHans, Asha
245 0 _aUnited Nations: A saga of forty years
260 _aDelhi
_bAmar Prakashan
_c1986
300 _avi, 298 p.
942 _cBK
999 _c56068
_d56068